Flawed: (Record no. 172565)

MARC details
000 -LEADER
fixed length control field 00597nam a22001817a 4500
005 - DATE AND TIME OF LATEST TRANSACTION
control field 20200207111637.0
010 ## - LCCN (DPL NO)
LC control number ENG-127670
020 ## - INTERNATIONAL STANDARD BOOK NUMBER
International Standard Book Number 9789388322379
Terms of availability 399.00
035 ## - SYSTEM CONTROL NUMBER
System control number EN-111202
037 ## - SOURCE OF ACQUISITION
Source of stock number/acquisition DBAD/PUB
082 ## - DEWEY DECIMAL CLASSIFICATION NUMBER
Classification number 650.092
100 ## - MAIN ENTRY--PERSONAL NAME
Personal name Lall,Pavan C.
245 ## - TITLE STATEMENT
Title Flawed:
Remainder of title by Pavan C. Lall
Statement of responsibility, etc The Rise and of India's Diamond Mogul Nirav Modi/
260 ## - PUBLICATION, DISTRIBUTION, ETC. (IMPRINT)
Place of publication, distribution, etc Gurugram
Name of publisher, distributor, etc Hachette Book Publishing
Date of publication, distribution, etc 2019
270 ## - ADDRESS
City Mumbai
Address 4th / 5th Floors, Corporate Centre, Plot No.94, Sector-44, Gurugram
Postal code 122003
300 ## - PHYSICAL DESCRIPTION
Extent 201p.
Other physical details 20cm(hb)
942 ## - ADDED ENTRY ELEMENTS (KOHA)
Source of classification or shelving scheme Dewey Decimal Classification
Item type English Books
Classification part 650.092
Call number suffix LAL
Holdings
Withdrawn status Lost status Not for loan Collection code Home library Current library Date acquired Source of acquisition Cost, normal purchase price Full call number Barcode Copy number Cost, replacement price Koha item type
      Non-fiction Sarojini Nagar Sarojini Nagar 07/02/2020 DBAD/PUB 399.00 650.092 LAL EN-111202 1 399.00 English Books

© Delhi Public Library
Hit Counter
free hit counter